000 00996cam a22003133a 4500
001 0000746
003 DO-SdBNP
005 20230222103806.0
007 0000746
008 861112 2006 mx a 000 0 spa d
010 _a
020 _a9789870405290
040 _aBPMSU
_cspa
_dBPMSU
_d
082 4 _aA863.44
_bB619s 2006
_222
100 1 _aBirmajer, Marcelo
_d1966-
245 1 0 _aFábulas salvajes /
_cMarcelo Birmajer ; ilustraciones Pez
260 _aBuenos Aires :
_bAlfaguara,
_bSantillana ediciones generales,
_c2006.
_f2010.
300 _a67 p. :
_bil. ;
_c20 cm.
490 0 _aAlfaguara juvenil
500 _aIncluye datos biográficos de la autora en la contracubierta
500 _aLiteratura para niños a partir de los 12 años.
521 _aA partir de 12 años.
590 _6Inventariado, 2023/VM
650 4 _aLiteratura argentina
650 4 _aFabulas
830 0 _aAlfaguara juvenil
910 _aYLOCKWARD/VMateo V. Control de calidad (BPMSU)
942 _2ddc
_cBK
999 _c11660
_d11660